000 00948nas a2200301 4500
001 BR2015001206
003 BR-BrBNA
005 20231205125050.0
007 ta
008 230509b bl.|||p| |||| 00| 00por d
040 _aBR-BrBNA
_bpor
_cBiblioteca Nacional de Agricultura
041 _a(En)
072 _aH01
100 1 _aNascimento, G.G.F.
100 1 _aLocatelli, J.
100 1 _aFreitas, P.C.
100 1 _aSilva, G.L.
245 1 _aAntibacterial activity of plant extracts and phytochemicals on antibiotic-resistant bacteria
650 _aPLANTA MEDICINAL
650 _aEXTRATO VEGETAL
650 _aRESISTENCIA
650 _aSINERGISMO
650 _aBACTERIA
773 0 _tBrazilian Journal of Microbiology (Brazil)
_xISSN 1517-8382
_g(Oct-Dec 2000), v. 31(4) p. 247-256
_wBR2015001206
856 4 0 _uhttp://www.scielo.br/pdf/bjm/v31n4/a03v31n4.pdf
909 _a202311
_bLúcia
_c55
_dLúcia Elande
942 _2AGRIS
_n0
_cANA
999 _c242427
_d242427